| 000 | 00369nam a2200133Ia 4500 | ||
|---|---|---|---|
| 008 | 170221s9999 xx 000 0 und d | ||
| 100 | _aMonir Mir | ||
| 245 | _aEditorial: AABFJ Volume 9, Issue 3, 2018 | ||
| 245 | _cMonir Mir | ||
| 260 | _c2013 | ||
| 300 | _a7 : | ||
| 650 | _xBusiness | ||
| 856 | _uhttp://ro.uow.edu.au/cgi/viewcontent.cgi?article=1593&context=aabfj | ||
| 999 |
_c313292 _d313292 |
||